| 000 | 01280nac a22003377a 4500 | ||
|---|---|---|---|
| 001 | BR8401093 | ||
| 003 | BR-BrBNA | ||
| 005 | 20240105115934.0 | ||
| 008 | 230509b bl.|||m| |||| 00| 0 por d | ||
| 040 |
_aBR-BrBNA _bpor _cBiblioteca Nacional de Agricultura |
||
| 072 | _aE30 | ||
| 090 | _aE30 BR8401093 | ||
| 110 | 1 |
_aSecretaria de Estado de Ciencia e Tecnologia, Belo Horizonte, MG (Brasil). Sistema Operacional de Ciencia e Tecnologia _98892 |
|
| 245 | 1 | _aRelatorio destinado a mensagem do senhor governador para a assembleia legislativa - exercicio de 1983 [Secretaria de Estado de Ciencia e Tecnologia. Sistema Operacional de Ciencias e Tecnologia, Minas Gerais, Brasil] | |
| 260 | 3 |
_aBelo Horizonte, MG (Brasil): _c1984. |
|
| 300 | _a112 p. | ||
| 490 |
_aRelatorio - Secretaria de Estado de Ciencia e Tecnologia. Sistema Operacional de Ciencia e Tecnologia (Brazil) _v _x |
||
| 650 | _aMEIO AMBIENTE | ||
| 650 | _aCONSERVACAO | ||
| 650 | _aRECURSO HIDRICO | ||
| 650 | _aPESQUISA | ||
| 650 | _aTECNOLOGIA AGRICOLA | ||
| 650 | _aPROJETO DE DESENVOLVIMENTO | ||
| 650 | _aGEOLOGIA | ||
| 650 | _aMAPA | ||
| 650 | _aFINANCIAMENTO | ||
| 650 | _aCUSTO | ||
| 650 | _aMINAS GERAIS | ||
| 909 |
_a202312 _bLúcia Elande _c55 _dLúcia Elande |
||
| 942 |
_2AGRIS _n0 _cMS |
||
| 999 |
_c277165 _d277165 |
||